A Água e a Águia (Registo nº 200318)

Detalhes MARC
000 -Etiqueta do registo
Valores 00735nam 22002293 4500
010 ## - Número ISBN
ISBN 978-972-21-2959-6
021 ## - Número do Depósito Legal
Código do país Portugal
Número 445 078/18
100 ## - Dados gerais de processamento
Dados gerais 20260203d u||y0pory50 ba
101 ## - Língua de publicação
Língua Português
200 ## - Titulo e menção de responsabilidade
Título próprio A Água e a Águia
Primeira menção de responsabilidade Mia Couto
Outras menções de responsabilidade Ilustração de Danuta Wojciechowska
205 ## - Menção da edição
Edição 2ª (reimp.)
210 ## - Publicação
Local de publicação Alfragide
Nome do editor Editorial Caminho
Data de publicação 2024
215 ## - Descrição física 
Paginação / Volumes [28] p. : todo il.
Outras indicações físicas Encadernado
Dimensões 23 x 29 cm
606 ## - Nome comum usado como assunto
ID Autoridade 1017
Palavra de ordem Literatura infantil moçambicana
675 ## - CDU
Notação 821.134.3(679)-93/COU/AGU
Edição PT
Língua por
700 ## - Autor principal (pessoa individual)
ID Autoridade 1018
Apelido Couto
Nome Mia
Datas 1955-
701 ## - Co-autor principal (pessoa individual)
ID Autoridade 852
Apelido Wojciechowska
Nome Danuta
Datas 1960-
801 ## - Fonte de origem
País PT
Agência BMMN
Regras de catalogação RPC
830 ## - Notas gerais do catalogador
Criado por Carlos Pinto
Data de criação 03-02-2026
Indexado por Carlos Pinto
990 ## - Elementos KOHA
Tipo de documento Livro
Exemplares
Situação do levantamento Biblioteca de origem Código de barras Cota Permissão de empréstimo Tipo de documento Forma de aquisição
  Biblioteca Escolar nº 2 29465 821.134.3(679)-93/COU/AGU   Livro Compra

Powered by Koha